| 000 | 00841nam a2200217 a 4500 | ||
|---|---|---|---|
| 008 | 951031s1992||||xo 0 slo c | ||
| 020 |
_a8085456222 _c10 |
||
| 040 |
_aSNK _bslo _cSNK _eAACR2 |
||
| 041 | 1 | _aslo | |
| 044 |
_axo _cSK |
||
| 080 | _a372.880.854(076.5) | ||
| 100 | 1 |
_aPéteryová, Oľga _4aut |
|
| 245 | 1 | 0 |
_aZbierka úloh zo slovenského jazyka na prijímacie skúšky na stredné školy _bTesty a diktáty. Zhrnutie učiva. Úlohy a cvičenia. Riešenie a výsledky úloh _cOľga Péteryová, Viera Rezníčková, Ľubica Skokanová ; Obál. navrhol Pavol Tarábek ml. |
| 250 | _a2. opr. vyd. | ||
| 260 |
_aBratislava _bDIDAKTIS _c1992 |
||
| 300 |
_a144 s. _bLit. 24 zázn. v slov. _c23 cm |
||
| 700 | 1 |
_aRezníčková, Viera _4aut |
|
| 700 | 1 |
_aSkokanová, Ľubica _4aut |
|
| 700 | 1 |
_aTarábek, Pavol _cml. _4bjd |
|
| 958 | _aAUC | ||
| 999 |
_c19700 _d19700 |
||